| 000 | 01045nam a2200253 i 4500 | ||
|---|---|---|---|
| 001 | 159257 | ||
| 003 | ES-MaACL | ||
| 005 | 20250815062610.0 | ||
| 008 | 990325s1765 fr |||| | fre d | ||
| 245 | 0 | 0 |
_aSuite de l'Histoire universelle / _cde Monsieur l'Evêque de Meaux ; depuis l'an 800 de Notre-Seigneur, jusqu'à l'an 1700 inclusivement ; seconde partie. |
| 250 | _aNouvelle edition. | ||
| 260 |
_aA Paris : _bchez Germain Durand, _c1765 ( _fDe l'Imprimerie de Quillau) |
||
| 300 |
_a[4], 492, [2] p.. ; _c12º. |
||
| 594 | _aSegún el Catálogo de la RAH, el autor es Jean Louis Marthonie de Caussade, Obispo de Meaux. | ||
| 596 | _aEl segundo impresor consta en el colofón. | ||
| 597 | _aSign. : []\p2\s, A-Z\p8/p4\s, 2A-2E\p4/p8\s, 2F\p4\s. | ||
| 597 | _aAntep. | ||
| 650 | 7 |
_aHistoria universal _2embne _913429 |
|
| 700 | 1 |
_aDurand, Germain. _9126883 |
|
| 700 | 1 |
_aQuillau, Gabriel-François. _9131521 |
|
| 752 |
_aFrancia - _dParís |
||
| 852 |
_aES-MaACL _jR-994 _z- Enc. piel _d- Olim: G-9481 |
||
| 999 |
_c159257 _d159257 |
||